| 000 | 00362nam a22001451a 4500 | ||
|---|---|---|---|
| 020 | _a9788185256429 | ||
| 082 |
_aH 181.45 _bGUR/Y |
||
| 100 | _aGurcharan Singh | ||
| 245 |
_aYoga darshan evum sahaj sadhan/ _cby Gurcharan Singh |
||
| 260 |
_aNew Delhi: _bVidyarthi Prakashan, _c2008. |
||
| 300 | _a120p. | ||
| 650 | _aYoga | ||
| 650 | _aPhilosophy | ||
| 942 | _cBK | ||
| 999 |
_c51712 _d51712 |
||